| 000 | 00750nam a2200253 a 4500 | ||
|---|---|---|---|
| 001 | 24956 | ||
| 003 | CO-ViMGA | ||
| 008 | 141112s2004 ck r 000 u spa d | ||
| 020 | _a9789588654461 | ||
| 040 |
_aCO-ViMGA _bspa _cCO-ViMGA |
||
| 041 | _aSPA | ||
| 090 | _aC MAE1 | ||
| 100 | 1 |
_aMaestro, Pepe _937632 |
|
| 245 | 1 | 0 |
_aJuan sin miedo / _ctexto Pepe Maestro ; ilustración Adolfo Serra |
| 260 |
_aBogotá : _bEdelvives, _c2012 |
||
| 300 | _a24 p. : il. col. + 1 CD : il. + CD | ||
| 490 | _aColorin Colorado | ||
| 650 | 1 | 4 |
_aCUENTOS CLASICOS - ADAPTACIONES _937633 |
| 650 | 1 | 4 |
_aDESDE LOS 3 AÑOS _937634 |
| 650 | 1 | 4 |
_aPRINCIPES - CUENTO _937635 |
| 650 | 1 | 4 |
_aVALENTIA - CUENTO _937636 |
| 700 | 1 |
_aSerra, Adolfo _937637 |
|
| 942 |
_2ddc _cBK |
||
| 999 |
_c2589 _d2589 |
||